| 000 | 00767nam a2200253 i 4500 | ||
|---|---|---|---|
| 001 | 181911 | ||
| 003 | ES-MaACL | ||
| 005 | 20231019171453.0 | ||
| 008 | 130506s2011 sp | |||||||| | spa d | ||
| 020 | _a978-84-15021-12-4 | ||
| 035 | _a(OCoLC)776283922 | ||
| 080 | _a821.134.2-32"19" | ||
| 100 | 1 |
_aPlaza, Carmen. _9145185 |
|
| 245 | 1 | 0 |
_aCuentos de lumbre y pesadumbre / _cCarmen Plaza. |
| 250 | _a1ª ed. | ||
| 260 |
_aBarcelona : _bCarena, _c2011. |
||
| 300 |
_a134 p. ; _c21 cm. |
||
| 490 | 1 |
_aNarrativa ; _v055 |
|
| 830 | 0 |
_aNarrativa ; _v055 _9177839 |
|
| 852 |
_aES-MaACL _jA-12599 _9188819 _bR.148638 _cDEPO1 _dOlim: N-5602 _xDonación: Carmen Plaza |
||
| 903 |
_9145185 _aPlaza, Carmen _ednr |
||
| 942 |
_2udc _cMONOGRAFIA |
||
| 999 |
_c181911 _d181911 |
||